|
|
|
|
| LEADER |
00000nam0a2200000 4500 |
| 001 |
99498 |
| 005 |
20231031111739.0 |
| 035 |
|
|
|a (RuTPU)RU\TPU\book\106787
|
| 090 |
|
|
|a 99498
|
| 100 |
|
|
|a 20060705d1980 m y0rusy50 ca
|
| 101 |
0 |
|
|a rus
|
| 102 |
|
|
|a RU
|
| 105 |
|
|
|a a j 001zy
|
| 200 |
1 |
|
|a Тепловое излучение
|e учебное пособие
|f В. В. Стыров
|g Томский политехнический институт
|
| 210 |
|
|
|a Томск
|c Изд-во ТПИ
|d 1980
|
| 215 |
|
|
|a 95 с.
|c ил.
|
| 320 |
|
|
|a Библиогр.: с. 92-93
|
| 610 |
1 |
|
|a излучение
|
| 610 |
1 |
|
|a тепловое излучение
|
| 610 |
1 |
|
|a учебные пособия
|
| 610 |
1 |
|
|a электромагнитное излучение
|
| 610 |
1 |
|
|a тепловые источники
|
| 675 |
|
|
|a 621.326(075.8)
|v 3
|
| 700 |
|
1 |
|a Стыров
|b В. В.
|g Владислав Владимирович
|
| 712 |
0 |
2 |
|a Томский политехнический институт
|z 1944-1991
|2 stltpush
|3 (RuTPU)RU\TPU\col\1123
|
| 801 |
|
1 |
|a RU
|b 63413507
|c 20060705
|g PSBO
|
| 801 |
|
2 |
|a RU
|b 63413507
|c 20210906
|g PSBO
|
| 942 |
|
|
|c BK
|